[Event "Kent Oliver mem"]
[Site "Winnipeg CAN"]
[Date "1997.01.04"]
[Round "2"]
[White "Rasmussen, Barry"]
[Black "Hassain, Mahmud"]
[Result "1/2-1/2"]
[WhiteElo "2236"]
[BlackElo "1939"]
[PlyCount "100"]
[GameId "2160767912007863"]
[EventDate "1997.01.03"]
[EventType "swiss"]
[EventRounds "5"]
[EventCountry "CAN"]

1. e4 c5 2. Nf3 a6 3. d4 cxd4 4. Nxd4 e5 5. Nb3 Nf6 6. Bg5 Be7 7. Nc3 Nc6 8. Bxf6 Bxf6 9. Nd5 Bg5 10. h4 Bf6 11. Qf3 d6 12. O-O-O Be6 13. Nxf6+ gxf6 14. c3 Rc8 15. Kb1 Ke7 16. g4 h6 17. Bh3 Na5 18. g5 hxg5 19. Bxe6 fxe6 20. hxg5 Nxb3 21. gxf6+ Kf7 22. axb3 Qxf6 23. Qxf6+ Kxf6 24. Rxh8 Rxh8 25. Rxd6 Rh1+ 26. Kc2 Rf1 27. Rb6 Rxf2+ 28. Kd3 Rxb2 29. Rxb7 a5 30. Rb5 Ra2 31. c4 a4 32. bxa4 Ra3+ 33. Kd2 Rxa4 34. Kc3 Ra1 35. Rb2 Ra3+ 36. Rb3 Ra1 37. Rb2 Ra3+ 38. Kb4 Re3 39. c5 Ke7 40. Kb5 Kd7 41. Kb6 Rxe4 42. Kb7 Rc4 43. Rd2+ Ke7 44. c6 e4 45. c7 Kf6 46. c8=Q Rxc8 47. Kxc8 Ke5 48. Kd7 e3 49. Ra2 Ke4 50. Kxe6 Kf3 1/2-1/2

[Event "Kent Oliver mem"]
[Site "Winnipeg CAN"]
[Date "1997.01.04"]
[Round "2"]
[White "Repa, Jason"]
[Black "Shpan, Mike"]
[Result "1-0"]
[WhiteElo "1704"]
[BlackElo "1762"]
[PlyCount "69"]
[GameId "2160767912007864"]
[EventDate "1997.01.03"]
[EventType "swiss"]
[EventRounds "5"]
[EventCountry "CAN"]

1. e4 c5 2. Nf3 d6 3. d4 Bg4 4. Bb5+ Nc6 5. dxc5 Bxf3 6. Qxf3 dxc5 7. O-O Qb6 8. Nc3 e6 9. a4 Bd6 10. Re1 Nge7 11. e5 Bb8 12. Qe4 O-O 13. Bd3 Ng6 14. a5 Qc7 15. f4 f5 16. exf6 Rxf6 17. g3 a6 18. Be3 Ba7 19. Bc4 Nd4 20. Bxd4 cxd4 21. Bxe6+ Kh8 22. Nd5 d3+ 23. Kh1 Qxc2 24. Nxf6 Qxb2 25. Ng4 Rd8 26. Reb1 Qc3 27. Bf5 Nf8 28. Rc1 Qb2 29. Qe7 d2 30. Rd1 Qd4 31. Qe4 Qc3 32. Ra2 Rd4 33. Qe2 g6 34. Qe5+ Kg8 35. Nh6# 1-0

[Event "Kent Oliver mem"]
[Site "Winnipeg CAN"]
[Date "1997.01.04"]
[Round "2"]
[White "Roque, Rodolfo"]
[Black "Kim, Phillip"]
[Result "0-1"]
[WhiteElo "1892"]
[BlackElo "2049"]
[PlyCount "78"]
[GameId "2160767912007865"]
[EventDate "1997.01.03"]
[EventType "swiss"]
[EventRounds "5"]
[EventCountry "CAN"]

1. d4 Nf6 2. c4 g6 3. Nc3 Bg7 4. e4 d6 5. f4 O-O 6. Nf3 c5 7. Be2 cxd4 8. Nxd4 Nc6 9. Nxc6 bxc6 10. O-O Rb8 11. Qc2 Qb6+ 12. Kh1 Ng4 13. Bxg4 Bxg4 14. b3 d5 15. exd5 Qd4 16. Bd2 Bf5 17. Qc1 Rfd8 18. Rd1 Bg4 19. Re1 e6 20. Na4 Qxa1 21. Qa3 Qf6 22. d6 c5 23. Qxc5 Bf8 24. Qe5 Qxe5 25. fxe5 f6 26. c5 fxe5 27. Ba5 Rd7 28. h3 Bf5 29. Bc3 Rc8 30. Bxe5 Bd3 31. b4 Bh6 32. Nb2 Bb5 33. Bd4 Bd2 34. Rxe6 Bxb4 35. Re5 Rf7 36. Kh2 Rf5 37. Re7 Bxc5 38. Be5 Rxe5 39. Rxe5 Bxd6 0-1

[Event "Kent Oliver mem"]
[Site "Winnipeg CAN"]
[Date "1997.01.04"]
[Round "2"]
[White "Ududec, Cozmin"]
[Black "Gannon, Keith"]
[Result "0-1"]
[WhiteElo "1188"]
[BlackElo "1660"]
[PlyCount "60"]
[GameId "2160767912007866"]
[EventDate "1997.01.03"]
[EventType "swiss"]
[EventRounds "5"]
[EventCountry "CAN"]

1. d4 d5 2. Bg5 Nc6 3. Nc3 g6 4. e3 Bg7 5. Bb5 Nf6 6. Nf3 O-O 7. Ne5 Nb8 8. h4 a6 9. Bd3 Nbd7 10. Bxf6 Bxf6 11. Nxg6 fxg6 12. h5 e5 13. hxg6 exd4 14. Qh5 Qe7 15. gxh7+ Kh8 16. Nxd5 Qe5 17. Qf3 dxe3 18. Rh5 exf2+ 19. Kxf2 Bh4+ 20. Rxh4 Rxf3+ 21. Kxf3 Qxd5+ 22. Ke2 Nc5 23. Bc4 Qxg2+ 24. Kd1 Bg4+ 25. Rxg4 Qxg4+ 26. Be2 Rd8+ 27. Ke1 Qg1+ 28. Bf1 Kxh7 29. b4 Ne4 30. Rb1 Qf2# 0-1

[Event "Kent Oliver mem"]
[Site "Winnipeg CAN"]
[Date "1997.01.04"]
[Round "2"]
[White "Yoos, John"]
[Black "Schulz, Waldemar"]
[Result "1-0"]
[WhiteElo "2375"]
[BlackElo "2012"]
[PlyCount "62"]
[GameId "2160767912007867"]
[EventDate "1997.01.03"]
[EventType "swiss"]
[EventRounds "5"]
[EventCountry "CAN"]

1. e4 c5 2. Nf3 e6 3. d4 cxd4 4. Nxd4 a6 5. Bd3 Nf6 6. O-O Qc7 7. c4 Nc6 8. Nxc6 dxc6 9. Qe2 Bd6 10. f4 e5 11. f5 Bc5+ 12. Kh1 h5 13. Nd2 Bd4 14. Nb3 c5 15. Bg5 Qd6 16. Nxd4 cxd4 17. a3 a5 18. b4 b6 19. Rab1 Bd7 20. Rfc1 axb4 21. axb4 Rc8 22. h3 O-O 23. Bxf6 Qxf6 24. Qxh5 Rc7 25. Ra1 Rfc8 26. Rf1 Rc6 27. Ra7 R6c7 28. Ra6 Rc6 29. Qe2 Qe7 30. Qd2 Rb8 31. Rfa1 Bc8 1-0

[Event "Kent Oliver mem"]
[Site "Winnipeg CAN"]
[Date "1997.01.04"]
[Round "3"]
[White "Babb, Jeff"]
[Black "Hassain, Mahmud"]
[Result "1-0"]
[WhiteElo "2105"]
[BlackElo "1939"]
[PlyCount "73"]
[GameId "2160767912007869"]
[EventDate "1997.01.03"]
[EventType "swiss"]
[EventRounds "5"]
[EventCountry "CAN"]

1. e4 c5 2. Nc3 d6 3. g3 g6 4. Bg2 Bg7 5. d3 Nc6 6. Nh3 Rb8 7. Be3 e6 8. Qd2 b5 9. O-O Nd4 10. Rae1 Ne7 11. Nd1 b4 12. c3 bxc3 13. bxc3 Ndc6 14. Bh6 O-O 15. Bxg7 Kxg7 16. f4 f5 17. exf5 exf5 18. Ng5 d5 19. Ne6+ Bxe6 20. Rxe6 d4 21. Bxc6 Rb6 22. Rxe7+ Qxe7 23. Re1 Qd6 24. Ba4 dxc3 25. Qxc3+ Qd4+ 26. Qxd4+ cxd4 27. Bb3 Rb7 28. Nb2 g5 29. fxg5 f4 30. g4 f3 31. Kf2 Rff7 32. Nc4 Rf4 33. h3 a5 34. Nd6 Rb4 35. Re7+ Kf8 36. Re8+ Kg7 37. Rg8# 1-0

[Event "Kent Oliver mem"]
[Site "Winnipeg CAN"]
[Date "1997.01.04"]
[Round "3"]
[White "Barg, Andrew"]
[Black "Rasmussen, Barry"]
[Result "0-1"]
[WhiteElo "1795"]
[BlackElo "2236"]
[PlyCount "64"]
[GameId "2160767912007870"]
[EventDate "1997.01.03"]
[EventType "swiss"]
[EventRounds "5"]
[EventCountry "CAN"]

1. e4 Nf6 2. Nc3 d5 3. d4 Nxe4 4. Nxe4 dxe4 5. Bc4 e6 6. c3 c5 7. d5 e5 8. Bb5+ Bd7 9. Bxd7+ Nxd7 10. c4 Bd6 11. Qg4 O-O 12. Bh6 Qf6 13. Bg5 Qg6 14. h4 f5 15. Qh3 h6 16. Bd2 Nf6 17. O-O-O a6 18. Ne2 b5 19. b3 Ng4 20. Rdf1 bxc4 21. h5 Qe8 22. bxc4 Rb8 23. Nc3 Qc8 24. f3 e3 25. fxg4 exd2+ 26. Kxd2 fxg4 27. Rxf8+ Qxf8 28. Qe3 Rb2+ 29. Ke1 Qf4 30. Qxf4 exf4 31. Rg1 Be5 32. Ne4 Rb1+ 0-1

[Event "Kent Oliver mem"]
[Site "Winnipeg CAN"]
[Date "1997.01.04"]
[Round "3"]
[White "Gannon, Keith"]
[Black "Roque, Rodolfo"]
[Result "0-1"]
[WhiteElo "1660"]
[BlackElo "1892"]
[PlyCount "112"]
[GameId "2160767912007871"]
[EventDate "1997.01.03"]
[EventType "swiss"]
[EventRounds "5"]
[EventCountry "CAN"]

1. e4 e5 2. Nf3 d6 3. d4 Nd7 4. dxe5 dxe5 5. Bg5 Be7 6. Bxe7 Qxe7 7. a3 Ngf6 8. Nc3 c6 9. Bd3 O-O 10. O-O h6 11. b4 a6 12. Re1 Nh7 13. Rb1 Ndf6 14. a4 Bg4 15. Be2 Rad8 16. Qc1 Nh5 17. Nd2 Qh4 18. Bxg4 Qxg4 19. f3 Qh4 20. b5 Ng5 21. bxc6 bxc6 22. Ne2 Ne6 23. Rd1 Nhf4 24. Nxf4 Nxf4 25. Re1 Nxg2 26. Kxg2 Qg5+ 27. Kh1 Rxd2 28. Rg1 Qf4 29. Rg2 Rfd8 30. Qg1 g5 31. Rf1 Rxg2 32. Qxg2 Rd2 33. Rf2 Rd4 34. Qh3 Kg7 35. a5 Qe3 36. Qg2 Ra4 37. h4 Rxa5 38. hxg5 Ra1+ 39. Rf1 Rxf1+ 40. Qxf1 hxg5 41. Qd1 a5 42. Kg2 a4 43. Qa1 Qd4 44. c3 Qc4 45. Qc1 Kg6 46. Qd2 Qc5 47. Qd8 a3 48. Qg8+ Kf6 49. Qh8+ Ke7 50. Qg7 a2 51. Qxg5+ Ke8 52. Qg8+ Qf8 53. Qg4 a1=Q 54. Qc8+ Ke7 55. Qc7+ Kf6 56. Qxc6+ Kg7 0-1

[Event "Kent Oliver mem"]
[Site "Winnipeg CAN"]
[Date "1997.01.04"]
[Round "3"]
[White "Huggan, Philip"]
[Black "Klokow, John"]
[Result "1/2-1/2"]
[WhiteElo "1446"]
[BlackElo "1688"]
[PlyCount "81"]
[GameId "2160767912007872"]
[EventDate "1997.01.03"]
[EventType "swiss"]
[EventRounds "5"]
[EventCountry "CAN"]

1. e4 e5 2. f4 exf4 3. Nf3 Nf6 4. Bc4 d5 5. exd5 Nxd5 6. O-O Be7 7. Nc3 Be6 8. Nd4 Bc5 9. Nce2 Nc6 10. c3 g5 11. b4 Ndxb4 12. Bb5 a6 13. Bxc6+ Nxc6 14. Bb2 Bg4 15. Kh1 Nxd4 16. cxd4 Bd6 17. d5 f6 18. Re1 O-O 19. Qb3 b5 20. Nd4 Qd7 21. Ne6 Rfe8 22. Bxf6 h6 23. Bc3 Bxe6 24. dxe6 Qh7 25. e7+ Qf7 26. Re6 Rxe7 27. Rg6+ Kh7 28. Rg7+ Qxg7 29. Bxg7 Rxg7 30. Rc1 Re8 31. g3 Rge7 32. d3 f3 33. Qb1 f2 34. Kg2 Re2 35. Rd1 Rf8 36. Rf1 Rfe8 37. Rd1 h5 38. h4 Kh6 39. Qb2 gxh4 40. Qf6+ Kh7 41. Qf7+ 1/2-1/2

[Event "Kent Oliver mem"]
[Site "Winnipeg CAN"]
[Date "1997.01.04"]
[Round "3"]
[White "Kaptsan, Aron"]
[Black "Yoos, John"]
[Result "0-1"]
[WhiteElo "2250"]
[BlackElo "2375"]
[PlyCount "60"]
[GameId "2160767912007873"]
[EventDate "1997.01.03"]
[EventType "swiss"]
[EventRounds "5"]
[EventCountry "CAN"]

1. d4 g6 2. c4 Bg7 3. Nc3 d6 4. e4 Nf6 5. Nf3 O-O 6. Be2 e5 7. d5 a5 8. Bg5 h6 9. Bxf6 Bxf6 10. h4 h5 11. g3 Na6 12. Nd2 c6 13. Nb3 Nc7 14. Qd2 a4 15. Nc1 cxd5 16. cxd5 Bd7 17. Nd3 Nb5 18. Nxb5 Bxb5 19. Nb4 Bd7 20. a3 Rc8 21. O-O Qa5 22. Rfc1 Rxc1+ 23. Rxc1 Bd8 24. Qh6 Qa7 25. Bf3 Qd4 26. Rc2 Bb6 27. Rd2 Qc4 28. Rc2 Qb3 29. Kg2 Bh3+ 30. Kxh3 Qxf3 0-1

[Event "Kent Oliver mem"]
[Site "Winnipeg CAN"]
[Date "1997.01.04"]
[Round "3"]
[White "Kim, Phillip"]
[Black "Gentes, Kevin"]
[Result "0-1"]
[WhiteElo "2049"]
[BlackElo "2375"]
[PlyCount "86"]
[GameId "2160767912007874"]
[EventDate "1997.01.03"]
[EventType "swiss"]
[EventRounds "5"]
[EventCountry "CAN"]

1. e4 c5 2. Nf3 d6 3. c3 Nf6 4. Bd3 Nc6 5. O-O e5 6. h3 Be7 7. Re1 O-O 8. Bc2 Qc7 9. a4 Be6 10. d3 h6 11. Nbd2 Rad8 12. c4 g6 13. Nf1 Kg7 14. Ne3 Nb4 15. Bd2 Nd7 16. Bxb4 cxb4 17. b3 a5 18. d4 exd4 19. Nxd4 Bf6 20. Nb5 Qb6 21. Ra2 Be5 22. Bd3 Nf6 23. Nd5 Bxd5 24. exd5 Rfe8 25. Bf1 Bc3 26. Rxe8 Rxe8 27. Re2 Ne4 28. Qc2 f5 29. Kh2 Be5+ 30. g3 h5 31. Bg2 h4 32. Bxe4 fxe4 33. Rxe4 hxg3+ 34. fxg3 Bxg3+ 35. Kxg3 Qg1+ 36. Qg2 Qxg2+ 37. Kxg2 Rxe4 38. Nxd6 Re2+ 39. Kg3 Re3+ 40. Kg4 Rxb3 41. Nxb7 Rc3 42. Nxa5 b3 43. Nxb3 Rxb3 0-1

[Event "Kent Oliver mem"]
[Site "Winnipeg CAN"]
[Date "1997.01.04"]
[Round "3"]
[White "Milord, Frank"]
[Black "Pino, Manuel"]
[Result "0-1"]
[WhiteElo "1592"]
[BlackElo "1763"]
[PlyCount "46"]
[GameId "2160767912007875"]
[EventDate "1997.01.03"]
[EventType "swiss"]
[EventRounds "5"]
[EventCountry "CAN"]

1. e4 e5 2. Nf3 Nc6 3. Bb5 Nge7 4. O-O a6 5. Ba4 d6 6. h3 h6 7. c3 f5 8. Qe2 Be6 9. d4 fxe4 10. Bxc6+ Nxc6 11. Qxe4 d5 12. Qe2 e4 13. Re1 Bd6 14. Nbd2 O-O 15. Nf1 Qf6 16. N3h2 b5 17. Be3 Ne7 18. Ng4 Qh4 19. Nfh2 Ng6 20. Bd2 h5 21. Ne3 Nf4 22. Qf1 Nd3 23. Re2 Rf3 0-1

[Event "Kent Oliver mem"]
[Site "Winnipeg CAN"]
[Date "1997.01.04"]
[Round "3"]
[White "Repa, Jason"]
[Black "Lukic, Luka"]
[Result "1-0"]
[WhiteElo "1704"]
[BlackElo "1986"]
[PlyCount "67"]
[GameId "2160767912007876"]
[EventDate "1997.01.03"]
[EventType "swiss"]
[EventRounds "5"]
[EventCountry "CAN"]

1. e4 c5 2. Nf3 Nf6 3. Nc3 e6 4. e5 Nd5 5. Nxd5 exd5 6. d4 Nc6 7. c3 d6 8. Bb5 cxd4 9. Nxd4 Bd7 10. exd6 Bxd6 11. O-O O-O 12. f4 Re8 13. Kh1 Bf8 14. Nf3 Bg4 15. h3 Bf5 16. Ne5 Re6 17. Bd3 Be4 18. Bxe4 dxe4 19. Be3 Qxd1 20. Raxd1 Nxe5 21. fxe5 Rxe5 22. Rd7 Rb5 23. Rfxf7 Rxb2 24. Bd4 Rb1+ 25. Kh2 Rd1 26. Rxb7 Rd8 27. Rxa7 Rd5 28. h4 h5 29. Kg3 g6 30. Rh7 Bd6+ 31. Kf2 Be5 32. Rhe7 Bxd4+ 33. cxd4 R1xd4 34. Re8# 1-0

[Event "Kent Oliver mem"]
[Site "Winnipeg CAN"]
[Date "1997.01.04"]
[Round "3"]
[White "Schulz, Manfred"]
[Black "Czarny, Keith"]
[Result "1-0"]
[WhiteElo "1988"]
[BlackElo "1689"]
[PlyCount "55"]
[GameId "2160767912007877"]
[EventDate "1997.01.03"]
[EventType "swiss"]
[EventRounds "5"]
[EventCountry "CAN"]

1. e4 e6 2. Qe2 b6 3. g3 Bb7 4. Bg2 f5 5. d3 Nf6 6. Nc3 Bb4 7. Bg5 h6 8. Bd2 d6 9. a3 Bxc3 10. Bxc3 O-O 11. O-O-O fxe4 12. dxe4 e5 13. Bxe5 Qe7 14. Bxf6 Rxf6 15. f4 c5 16. e5 dxe5 17. fxe5 Rf8 18. Nh3 Nc6 19. Nf4 Rxf4 20. gxf4 Nd4 21. Qg4 Bc8 22. Bd5+ Kh8 23. Qg2 Rb8 24. Rhg1 Bf5 25. Be4 g6 26. Bxf5 gxf5 27. Rd3 Ne6 28. Qg6 1-0

[Event "Kent Oliver mem"]
[Site "Winnipeg CAN"]
[Date "1997.01.04"]
[Round "3"]
[White "Schulz, Waldemar"]
[Black "Hanrahan, Nigel"]
[Result "1-0"]
[WhiteElo "2012"]
[BlackElo "1725"]
[PlyCount "111"]
[GameId "2160767912007878"]
[EventDate "1997.01.03"]
[EventType "swiss"]
[EventRounds "5"]
[EventCountry "CAN"]

1. Nf3 Nf6 2. d4 g6 3. c4 Bg7 4. Nc3 d6 5. e4 O-O 6. Be2 Nbd7 7. O-O c6 8. Bg5 h6 9. Be3 c5 10. d5 Ng4 11. Bc1 Nge5 12. Nxe5 Bxe5 13. Bxh6 Bg7 14. Qd2 Kh7 15. Be3 Rh8 16. f4 Kg8 17. Rac1 a6 18. Bf3 Nf6 19. Qe2 Qd7 20. e5 Ng4 21. Bxg4 Qxg4 22. Qxg4 Bxg4 23. b3 Bd7 24. Ne4 dxe5 25. Nxc5 exf4 26. Rxf4 Bc8 27. Rff1 Rh4 28. Nd3 Bf5 29. Nf2 Bd4 30. Bxd4 Rxd4 31. Rcd1 Rxd1 32. Rxd1 Rd8 33. Kf1 Kf8 34. Ke2 b6 35. Ke3 Kg7 36. h3 Kf6 37. Nd3 Bxd3 38. Kxd3 Rd6 39. Rf1+ Kg7 40. Kd4 f6 41. Re1 e5+ 42. Ke4 Kf7 43. g4 Rd8 44. Rc1 Rh8 45. Rc3 Rh4 46. b4 Rh8 47. c5 Rc8 48. c6 Ke7 49. g5 Rh8 50. gxf6+ Kxf6 51. c7 Rh4+ 52. Ke3 Rxh3+ 53. Kd2 Rh2+ 54. Ke1 Rh1+ 55. Kf2 Rh2+ 56. Kg3 1-0

[Event "Kent Oliver mem"]
[Site "Winnipeg CAN"]
[Date "1997.01.04"]
[Round "3"]
[White "Taofiq, Marwan"]
[Black "Khedkar, Jay"]
[Result "0-1"]
[WhiteElo "1879"]
[BlackElo "2033"]
[PlyCount "92"]
[GameId "2160767912007879"]
[EventDate "1997.01.03"]
[EventType "swiss"]
[EventRounds "5"]
[EventCountry "CAN"]

1. e4 e6 2. d4 d5 3. Nc3 Nf6 4. e5 Nfd7 5. Qg4 c5 6. Nb5 cxd4 7. Nd6+ Bxd6 8. exd6 Nc6 9. Qxg7 Qf6 10. Qxf6 Nxf6 11. Bb5 a6 12. Bxc6+ bxc6 13. Bf4 Rg8 14. Be5 Nd7 15. Bxd4 Rxg2 16. c3 c5 17. Be3 Bb7 18. Ne2 O-O-O 19. Nf4 Rg4 20. h3 Rgg8 21. Rf1 Bc6 22. O-O-O Kb7 23. Rg1 a5 24. Nd3 c4 25. Nc5+ Nxc5 26. Bxc5 Rg6 27. b3 Bb5 28. a4 Kc6 29. Ba3 Ba6 30. b4 Kd7 31. b5 Bb7 32. Bc5 Rdg8 33. Rgf1 Rh6 34. Bb6 Kxd6 35. Bxa5 Kc5 36. Bb4+ Kb6 37. Kd2 Rxh3 38. Kc2 Rg2 39. Bd6 Rf3 40. Rd2 h5 41. Bg3 Rgxg3 42. fxg3 Rxf1 43. Rh2 Rf5 44. Kb2 e5 45. Ka3 Kc5 46. Rb2 Rf3 0-1

[Event "Kent Oliver mem"]
[Site "Winnipeg CAN"]
[Date "1997.01.05"]
[Round "4"]
[White "Gannon, Keith"]
[Black "Herkert, Dean"]
[Result "1-0"]
[WhiteElo "1660"]
[BlackElo "1714"]
[PlyCount "51"]
[GameId "2160767912007881"]
[EventDate "1997.01.03"]
[EventType "swiss"]
[EventRounds "5"]
[EventCountry "CAN"]

1. e4 Nf6 2. e5 Nd5 3. d4 d6 4. c4 Nb6 5. exd6 cxd6 6. Nf3 g6 7. Be2 Bg7 8. O-O Nc6 9. Nc3 Bf5 10. a3 O-O 11. Re1 a5 12. Be3 Rc8 13. Rc1 Na8 14. d5 Ne5 15. Nxe5 Bxe5 16. Bh6 Re8 17. Bd3 Qd7 18. Bxf5 Qxf5 19. Bd2 Rxc4 20. Qe2 Rec8 21. Ne4 b5 22. Rxc4 Rxc4 23. Bxa5 Bxb2 24. Nxd6 exd6 25. Qxb2 Rc2 26. Re8# 1-0

[Event "Kent Oliver mem"]
[Site "Winnipeg CAN"]
[Date "1997.01.05"]
[Round "4"]
[White "Gentes, Kevin"]
[Black "Yoos, John"]
[Result "1/2-1/2"]
[WhiteElo "2375"]
[BlackElo "2375"]
[PlyCount "69"]
[GameId "2160767912007882"]
[EventDate "1997.01.03"]
[EventType "swiss"]
[EventRounds "5"]
[EventCountry "CAN"]

1. Nf3 g6 2. g3 Bg7 3. Bg2 d6 4. d3 e5 5. c4 Nc6 6. Nc3 h6 7. Rb1 Be6 8. b4 Qd7 9. b5 Nd8 10. h3 Ne7 11. a4 O-O 12. Qc2 f5 13. e3 Rb8 14. h4 Kh8 15. a5 Bg8 16. Ne2 Qe6 17. b6 axb6 18. axb6 c6 19. Bb2 d5 20. d4 Nf7 21. dxe5 Nxe5 22. Nf4 Nxf3+ 23. Bxf3 Qd6 24. c5 Qd7 25. Bxg7+ Kxg7 26. Qb2+ Kh7 27. h5 g5 28. Ne2 Be6 29. Nd4 Ng8 30. Be2 Nf6 31. Bd3 Ng4 32. Ra1 Qe7 33. Ra7 Bd7 34. Qc2 Qf6 35. Ba6 1/2-1/2

[Event "Kent Oliver mem"]
[Site "Winnipeg CAN"]
[Date "1997.01.05"]
[Round "4"]
[White "Hanrahan, Nigel"]
[Black "Avena, Danny"]
[Result "0-1"]
[WhiteElo "1725"]
[BlackElo "1711"]
[PlyCount "82"]
[GameId "2160767912007883"]
[EventDate "1997.01.03"]
[EventType "swiss"]
[EventRounds "5"]
[EventCountry "CAN"]

1. Nf3 c5 2. c4 Nc6 3. g3 g6 4. Bg2 Bg7 5. O-O Nf6 6. Nc3 O-O 7. e3 d6 8. h3 Be6 9. d3 a6 10. Ng5 Bd7 11. d4 h6 12. Nf3 Qc7 13. dxc5 dxc5 14. Nd5 Nxd5 15. cxd5 Ne5 16. Nxe5 Qxe5 17. f4 Qd6 18. e4 Bd4+ 19. Kh2 Bb5 20. Rf3 Rad8 21. a4 Be8 22. Rb3 b5 23. e5 Qc7 24. Be3 bxa4 25. d6 exd6 26. Rb7 Qc8 27. Bxd4 dxe5 28. Rc1 Rxd4 29. Qg1 Bc6 30. Rxc5 Qxb7 31. Rxc6 Qxb2 32. Kh1 Rfd8 33. Kh2 Rd2 34. fxe5 Rxg2+ 35. Qxg2 Rd2 36. Rc8+ Kg7 37. Qxd2 Qxd2+ 38. Kg1 Qe1+ 39. Kh2 a3 40. Rc7 a2 41. e6 Qf2+ 0-1

[Event "Kent Oliver mem"]
[Site "Winnipeg CAN"]
[Date "1997.01.05"]
[Round "4"]
[White "Hassain, Mahmud"]
[Black "Taofiq, Marwan"]
[Result "1-0"]
[WhiteElo "1939"]
[BlackElo "1879"]
[PlyCount "33"]
[GameId "2160767912007884"]
[EventDate "1997.01.03"]
[EventType "swiss"]
[EventRounds "5"]
[EventCountry "CAN"]

1. e4 e5 2. f4 d5 3. exd5 e4 4. Nc3 Nf6 5. Qe2 Bg4 6. Nf3 Bxf3 7. gxf3 Bd6 8. d3 Bb4 9. dxe4 Bxc3+ 10. bxc3 O-O 11. Ba3 Re8 12. O-O-O c6 13. dxc6 Qa5 14. Bb4 Qxa2 15. cxb7 Qa1+ 16. Kd2 Rd8+ 17. Ke1 1-0

[Event "Kent Oliver mem"]
[Site "Winnipeg CAN"]
[Date "1997.01.05"]
[Round "4"]
[White "Rasmussen, Barry"]
[Black "Babb, Jeff"]
[Result "1-0"]
[WhiteElo "2236"]
[BlackElo "2105"]
[PlyCount "79"]
[GameId "2160767912007885"]
[EventDate "1997.01.03"]
[EventType "swiss"]
[EventRounds "5"]
[EventCountry "CAN"]

1. e4 e5 2. Nf3 Nc6 3. Bb5 a6 4. Ba4 Nf6 5. Qe2 d6 6. O-O b5 7. Bb3 Be6 8. c3 Bxb3 9. axb3 Be7 10. d3 O-O 11. Na3 Na5 12. b4 Nb3 13. Ra2 Qd7 14. Be3 Qe6 15. c4 c5 16. bxc5 dxc5 17. Qc2 Nd4 18. Bxd4 cxd4 19. Rfa1 b4 20. Nb1 Nd7 21. Nbd2 g6 22. Ra5 Bd8 23. Rd5 Bc7 24. c5 Nf6 25. Qc4 h6 26. c6 Kg7 27. Rc5 Qe7 28. Nb3 Ne8 29. Ra4 Bd6 30. Rca5 Nc7 31. Nc5 Bxc5 32. Rxc5 f6 33. Rxb4 Rab8 34. Rb7 Rfd8 35. Rd5 Rxb7 36. Rxd8 Qxd8 37. cxb7 Qb8 38. Qc6 Nb5 39. Qd7+ Kg8 40. Qc8+ 1-0

[Event "Kent Oliver mem"]
[Site "Winnipeg CAN"]
[Date "1997.01.05"]
[Round "4"]
[White "Schulz, Manfred"]
[Black "Kim, Phillip"]
[Result "0-1"]
[WhiteElo "1988"]
[BlackElo "2049"]
[PlyCount "102"]
[GameId "2160767912007886"]
[EventDate "1997.01.03"]
[EventType "swiss"]
[EventRounds "5"]
[EventCountry "CAN"]

1. e4 c5 2. Nf3 d6 3. d4 cxd4 4. Nxd4 Nf6 5. Nc3 g6 6. Be3 Bg7 7. Be2 O-O 8. O-O Nc6 9. Nb3 a6 10. f4 Qc7 11. Bf3 Rb8 12. Nd5 Nxd5 13. exd5 Na5 14. Nxa5 Qxa5 15. c3 b5 16. a3 Bd7 17. Bd4 Bxd4+ 18. Qxd4 Qb6 19. Rad1 Rfc8 20. Rfe1 Kf8 21. Re3 Qxd4 22. Rxd4 Rc7 23. Be2 a5 24. Kf2 b4 25. axb4 axb4 26. c4 Ra8 27. Rb3 Rb7 28. g4 Ra1 29. Rd1 Ra5 30. Rd2 Rc5 31. Rg3 Rb6 32. Re3 Bc8 33. h4 Ba6 34. b3 Ra5 35. h5 Bc8 36. hxg6 fxg6 37. Bd1 Ra1 38. Be2 Rb8 39. Rd1 Rxd1 40. Bxd1 Ra8 41. Kf3 Ra2 42. Re2 Ra1 43. Rd2 Rc1 44. Ke3 Kg7 45. Rd3 Kf6 46. Kd2 Ra1 47. Ke3 g5 48. Ke4 h5 49. f5 hxg4 50. Bxg4 Rg1 51. Kf3 Rxg4 0-1

[Event "Kent Oliver mem"]
[Site "Winnipeg CAN"]
[Date "1997.01.05"]
[Round "5"]
[White "Avena, Danny"]
[Black "Khedkar, Jay"]
[Result "0-1"]
[WhiteElo "1711"]
[BlackElo "2033"]
[PlyCount "53"]
[GameId "2160767912007887"]
[EventDate "1997.01.03"]
[EventType "swiss"]
[EventRounds "5"]
[EventCountry "CAN"]

1. e4 c5 2. Nf3 d6 3. d4 cxd4 4. Nxd4 Nf6 5. Nc3 a6 6. Bg5 e6 7. Bc4 Be7 8. Bxf6 Bxf6 9. Qd2 Qc7 10. Bb3 Nc6 11. Nxc6 bxc6 12. O-O O-O 13. f4 Bb7 14. f5 d5 15. exd5 exd5 16. Na4 Rae8 17. c3 Re7 18. Rae1 Rfe8 19. Kh1 Ba8 20. g4 Bg5 21. Qf2 Be3 22. Qh4 Bb7 23. f6 c5 24. Rxe3 Rxe3 25. fxg7 d4+ 26. Kg1 c4 27. g5 0-1

[Event "Kent Oliver mem"]
[Site "Winnipeg CAN"]
[Date "1997.01.05"]
[Round "5"]
[White "Gentes, Kevin"]
[Black "Kaptsan, Aron"]
[Result "1-0"]
[WhiteElo "2375"]
[BlackElo "2250"]
[PlyCount "71"]
[GameId "2160767912007888"]
[EventDate "1997.01.03"]
[EventType "swiss"]
[EventRounds "5"]
[EventCountry "CAN"]

1. Nf3 d5 2. g3 Nf6 3. Bg2 c6 4. b3 Bf5 5. Bb2 e6 6. O-O Be7 7. d3 h6 8. Nbd2 Nbd7 9. e4 dxe4 10. dxe4 Bh7 11. Qe2 O-O 12. Rad1 Qc7 13. a3 Rfd8 14. e5 Ne8 15. Ne4 Nc5 16. Nfd2 Nxe4 17. Nxe4 Rxd1 18. Rxd1 Rd8 19. Rxd8 Qxd8 20. c4 Nc7 21. h4 Na6 22. b4 Qd7 23. Nd6 Bxd6 24. Qd2 Nb8 25. exd6 a6 26. Qd4 f6 27. Qb6 Qxd6 28. Qxb7 Bd3 29. Qc8+ Kf7 30. c5 Qf8 31. Qc7+ Kg8 32. Bxc6 Nxc6 33. Qxc6 Bc4 34. Qd7 Qa8 35. c6 Kh7 36. Bxf6 1-0

[Event "Kent Oliver mem"]
[Site "Winnipeg CAN"]
[Date "1997.01.05"]
[Round "5"]
[White "Klokow, John"]
[Black "Schulz, Manfred"]
[Result "0-1"]
[WhiteElo "1688"]
[BlackElo "1988"]
[PlyCount "38"]
[GameId "2160767912007889"]
[EventDate "1997.01.03"]
[EventType "swiss"]
[EventRounds "5"]
[EventCountry "CAN"]

1. e4 c5 2. Nf3 Nc6 3. d4 cxd4 4. Nxd4 Nf6 5. Nc3 e5 6. Ndb5 d6 7. Bd3 a6 8. Na3 Be6 9. Be2 d5 10. exd5 Nxd5 11. Nxd5 Bxd5 12. O-O Bc5 13. c4 Be6 14. Nc2 Qb6 15. Ne3 Rd8 16. Nd5 Bxd5 17. cxd5 O-O 18. Bc4 Ne7 19. Qf3 Rd6 0-1